000 00474nam a2200181Ia 4500
003 GCL
008 140319s9999 xx 000 0 eng d
040 _aGCL /
_cGCL
082 0 4 _a759.0216
_bL R
100 1 _aLING, ROGER
245 1 0 _aROMAN PAINTING /
_cLING, ROGER
260 _a[S.N] :
_bCAMBRIDGE UNIVERSITY PRESS ،
_c1991
300 _a245
650 0 4 _aROMANESQUE ART
650 0 4 _aROMAN PAINTING
650 0 4 _aEUROPE - ANCIENT WALL PAINTINGS
942 _2ddc
_cBK
999 _c25287
_d25287